| 000 | 00435nam a2200133Ia 4500 | ||
|---|---|---|---|
| 008 | 200902s9999 xx 000 0 und d | ||
| 020 | _a978-621-406-171-6 | ||
| 100 | _aLeaño Jr., Roman D. | ||
| 245 |
_cRoman D. Leaño Jr. , Arthur B. Gubia-on.-- _aEthics for College Students / |
||
| 260 |
_aManila : _bMindshapers Co., Inc. _c2018 |
||
| 300 |
_axii , 267 pages : _billustrations ; _c26 cm. |
||
| 650 | _aEthics | ||
| 650 | _aPhilosophy | ||
| 999 |
_c363999 _d363999 |
||